|
|
|
|
| LEADER |
00915cam a2200217 7i4500 |
| 001 |
0000042461 |
| 005 |
20170302090000.0 |
| 020 |
|
|
|a 0838910866 (pbk.)
|
| 020 |
|
|
|a 9780838910863 (pbk.)
|
| 090 |
0 |
0 |
|a Z711
|b .M64 2011
|
| 100 |
1 |
|
|a Murphy, Sarah Anne
|
| 245 |
1 |
4 |
|a The librarian as information consultant :
|b transforming reference for the Information Age
|c Sarah Anne Murphy.
|
| 260 |
|
|
|a Chicago:
|b American Library Association,
|c 2011.
|
| 300 |
|
|
|a xi, 106 p.:
|b ill.;
|c 26 cm.
|
| 650 |
0 |
0 |
|a Reference librarians --
|x Effect of technological innovations on
|
| 650 |
0 |
0 |
|a Information consultants
|
| 650 |
0 |
0 |
|a Reference services (Libraries) --
|x Management
|
| 997 |
|
|
|a Communication, Visual Art & Computing, Faculty
|b Communication, Department
|
| 998 |
|
|
|a Library Science, Diploma
|
| 999 |
|
|
|a 0000054593
|b BOK
|c OPEN SHELF
|e 2nd Floor, Bestari Jaya
|
| 999 |
|
|
|a 0000055704
|b BOK
|c OPEN SHELF
|e 2nd Floor, Bestari Jaya
|